Responses for Show #3367 - Tuesday, April 6, 1999

Contestants

[<< previous game]

Mary Katz, a lawyer from Macon, Georgia

Kevin Knight, a lecturer from Wilmington, North Carolina

Dan Inloes, a high school English and math teacher from Huntington Woods, Michigan (whose 1-day cash winnings total $9,200)

[next game >>]

Jeopardy! Round responses

MIA FARROW
'90s NONFICTION
OFFICIAL STATE STUFF
JOB BANK
DEMOCRATS
FIX THE SPOONERISM
    $100 26
Woody Allen

Kevin
    $100 4
biographies

Kevin
    $100 5
state tree

Kevin
    $100 12
superintendent

Dan
    $100 17
Al Gore

Mary
    $100 1
bump on a log

Dan
    $200 27
(Dan: Who is Tinker Bell?)
(Mary: Who is Wendy?)

Peter Pan

DanMary
Triple Stumper
    $200 10
Charles Kuralt

Dan
    $200 6
state bird

Mary
    $200 13
(Dan: What are backs?)

sumo wrestlers

DanKevin
    $200 22
Michigan

Dan
    $200 2
sin tax

Dan
    $300 28
Andre Previn

Mary
    $300 11
Camelot

Kevin
    $300 7
state motto

Kevin
    $500 14
Mork & Mindy

Kevin
    $300 23
(Mary: Who was Roosevelt?)
(Dan: Who was Taft?)

Andrew Jackson

DanMary
Triple Stumper
    $300 3
dear old queen

Mary
    $400 29
Hercule Poirot

Triple Stumper
    $400 18
daughter

Mary
    $400 8
state flower

Triple Stumper
    $400 15
ring

Kevin
    $400 24
(Tom) Daschle

Kevin
    $400 20
stuff that dreams are made of

Mary
    $500 30
(Kevin: What is Rosemary's Baby?)

The Great Gatsby

KevinMary
    $500 19
Lenin's Tomb

Triple Stumper
    $500 9
state fish

Mary
    $500 16
contribute to charities

Triple Stumper
    $500 25
(Alex: We have a minute to deal with MIA FARROW.)

(William Jennings) Bryan

Mary
    $500 21
flags hung out

Mary

Scores at the first commercial break (after clue 14):

Dan Kevin Mary
$400 $1,500 $1,000

Scores at the end of the Jeopardy! Round:

Dan Kevin Mary
$100 $1,900 $3,200

Double Jeopardy! Round responses

ME, A PHARAOH
MOVIES ABOUT THE MOVIES
PLANTS & TREES
THE THEATRE
NAMES IN THE LAW
BIBLICAL RHYME TIME
    $200 11
(Mary: What is the Sphinx?)

King Tut's tomb

KevinMary
    $200 26
Singin' in the Rain

Mary
    $200 1
pine

Dan
    $200 19
King Arthur

Mary
    $200 3
Napoleonic Code

Mary
    $200 14
Cain's pains

Dan
    $400 12
the Sphinx

Kevin
    $400 27
Federico Fellini

Dan
    $400 2
cactus

Mary
    $400 20
Adolf Hitler

Mary
    $400 4
Ernesto Miranda

Dan
    $400 15
Noah's boas

Kevin
    $600 13
Memphis

Triple Stumper
    $600 28
Sullivan's Travels

Triple Stumper
    $600 8
quinine

Dan
    $1,000 21
(Mary: What is Prague?)

Moscow

Mary
    $600 5
Jane Roe

Mary
    $600 16
Luke's dukes

Dan
    $800 24
(Alex: We have less than a minute to go.)

Abu Simbel

Triple Stumper
    $800 29
Barton Fink

Dan
    $800 9
Cranberry

Mary
    $800 22
(Mary: What is Noh?)

Kabuki

DanMary
    $1,500 6
Homer Plessy

Mary
    $800 17
Eve's leaves

Triple Stumper
    $1000 25
Seti

Dan
    $1000 30
James Whale

Triple Stumper
    $1000 10
Cinnamon

Triple Stumper
    $1000 23
Daphne du Maurier

Mary
    $1000 7
John Sherman

Mary
    $1000 18
Paul's crawls

Dan

Scores at the end of the Double Jeopardy! Round:

Dan Kevin Mary
$6,100 $2,900 $7,500

[wagering suggestions for these scores]

Final Jeopardy! Round responses

20th CENTURY WOMEN
KevinWho was Mead
$1,600
DanWho is Mead?
$1,400
MaryWho was Mead?
$4,800
Margaret Mead

Final scores:

Dan Kevin Mary
$7,500 $4,500 $12,300
2nd place: Trip to Regal Hong Kong Hotel 3rd place: Monorail Desktop PC New champion: $12,300

Game dynamics:

Coryat scores:

Dan Kevin Mary
$6,100 $2,700 $7,800
15 R,
3 W
12 R
(including 1 DD),
1 W
20 R
(including 1 DD),
5 W
(including 1 DD)

Combined Coryat: $16,600

[game clues] [game scores] [suggest correction]

Game tape date: Unknown
The J! Archive is created by fans, for fans. Scraping, republication, monetization, and malicious use prohibited; this site may use cookies and collect identifying information. See terms. The Jeopardy! game show and all elements thereof, including but not limited to copyright and trademark thereto, are the property of Jeopardy Productions, Inc. and are protected under law. This website is not affiliated with, sponsored by, or operated by Jeopardy Productions, Inc. Join the discussion at JBoard.tv.